ბათუმის შოთა რუსთაველის სახელმწიფო უნივერსიტეტის ბიბლიოთეკა

Методика преподавания алгебры. (ბიბ.ჩანაწერი № 47999)

000 -LEADER
fixed length control field 00666nam a2200217Ia 4500
001 - CONTROL NUMBER
control field 14879
003 - CONTROL NUMBER IDENTIFIER
control field GE_BSU
008 - FIXED-LENGTH DATA ELEMENTS--GENERAL INFORMATION
fixed length control field 181216s||||||||xx |||||||||||||| ||und||
040 ## - CATALOGING SOURCE
Transcribing agency GE_BSU
080 ## - UNIVERSAL DECIMAL CLASSIFICATION NUMBER
Universal Decimal Classification number 512(072)
100 ## - MAIN ENTRY--PERSONAL NAME
Personal name Барыбин, К.С.
245 ## - TITLE STATEMENT
Title Методика преподавания алгебры.
245 ## - TITLE STATEMENT
Remainder of title Пособие для учителей восьмилетней школы.
245 ## - TITLE STATEMENT
Statement of responsibility, etc. Ред. А.А. свечников.
260 ## - PUBLICATION, DISTRIBUTION, ETC.
Place of publication, distribution, etc. Москва
260 ## - PUBLICATION, DISTRIBUTION, ETC.
Name of publisher, distributor, etc. Просвещение
260 ## - PUBLICATION, DISTRIBUTION, ETC.
Date of publication, distribution, etc. 1965.
300 ## - PHYSICAL DESCRIPTION
Extent 338стр.22см.
653 ## - INDEX TERM--UNCONTROLLED
Uncontrolled term Методика преподавания алгебры.
942 ## - ADDED ENTRY ELEMENTS (KOHA)
Koha item type წიგნი
ეგზემპლარები
Withdrawn status Lost status Damaged status Not for loan Date acquired Barcode Date last seen Price effective from Koha item type
        2018-12-17 15846 2018-12-17 2018-12-17 წიგნი